000 00411nam a2200157 a 4500
082 0 0 _a297.821
_bAKH
100 _aAkhtar, S Waheed
245 _aEarly Shiite Imamiyyah Thinkers
260 _aDelhi
_bAshish Publishing House
_c1988
300 _a245p
500 _aincludes index and biblioraphy
650 _aShiah-Early Scholars
650 _aShiah-Imam-doctrines
700 1 _aAkhtar, S Waheed
942 _cBK
999 _c8059
_d8059